| 000 | 00323nam a22001337a 4500 | ||
|---|---|---|---|
| 020 | _a9780256114508 | ||
| 040 | _cNust | ||
| 082 |
_a620.104 _bDAS'E |
||
| 100 |
_aDas _991510 |
||
| 245 |
_aEngineering mechanics _bDynamics |
||
| 260 |
_aSydney: _bIRWIN, _c1994. |
||
| 650 |
_aEngineering mechanics _959741 |
||
| 942 |
_2ddc _cBK |
||
| 999 |
_c612304 _d612304 |
||